Taylor Swift - happiness Lyrics - Statistics

General Stats
  • This quiz has been taken 197 times
  • The average score is 365 of 426
Answer Stats
Answer % Correct
a
100%
be
99%
because
99%
But
99%
I
99%
it
99%
of
99%
the
99%
you
99%
You
99%
after
97%
After
97%
happiness
97%
is
97%
there
97%
There
97%
all
96%
All
96%
can
96%
in
96%
In
96%
was
96%
for
93%
me
93%
to
93%
true
93%
when
93%
When
93%
And
92%
and
92%
i'm
92%
my
92%
No
92%
what
92%
Who
92%
see
91%
That
91%
that
91%
things
91%
now
89%
these
89%
trees
89%
behind
88%
Both
88%
can't
88%
do
88%
your
88%
on
87%
above
86%
at
86%
Leave
86%
leave
86%
new
86%
too
86%
where
86%
yet
86%
go
84%
haven't
84%
Honey
84%
did
83%
eyes
83%
met
83%
years
83%
by
82%
give
82%
hurt?
82%
hurt
82%
look
82%
our
82%
history
80%
spot
80%
this
80%
Tell
79%
from
78%
given
78%
it's
78%
she'll
78%
we're
78%
light
76%
mean
76%
next
76%
away
75%
good
75%
had
75%
know
75%
like
75%
smile
75%
There'll
75%
didn't
74%
lay
74%
lifetime
74%
dancing
72%
dress
72%
fool
72%
Heaven
72%
him
72%
hurts
72%
make
72%
midnight
72%
one
72%
right
72%
seven
72%
smirk?
72%
stopped
72%
used
72%
wore
72%
beautiful
71%
fury
71%
head
71%
loved
71%
making
71%
man
71%
music
71%
winning
71%
acid
70%
great
70%
hope
70%
pay
70%
price
70%
takes
70%
villain
70%
want
70%
best
68%
body
68%
forgiveness
68%
green
68%
guess
68%
i've
68%
mine
68%
rain
68%
Sorry
68%
would've
68%
begin
67%
divide
67%
pillow
67%
sunrise
67%
blood
66%
disbelief
66%
down
66%
every
66%
glorious
66%
hiding
66%
Past
66%
think
66%
through
66%
damn
64%
deepest
64%
face
64%
God
64%
shit
64%
Showed
64%
dividin'
63%
facts
63%
fake
63%
leak
63%
into
62%
reinvention
62%
spots
62%
start
62%
teaches
62%
cries
61%
just
61%
pointed
61%
up
61%
across
59%
giving
59%
Haunted
59%
weapons
59%
bruise
57%
flickers
57%
niceties
57%
with
57%
curses
55%
lessons
55%
pulled
55%
get
51%
terror
47%
nightfall
46%
Beyond
45%
Dappled
45%
time
39%
No matching quizzes found
Score Distribution
Percent of People with Each Score
Percentile by Number Answered
Your Score History
You have not taken this quiz